| 000 | 00418nam a22001817a 4500 | ||
|---|---|---|---|
| 003 | NUST - PNEC | ||
| 005 | 20170116181149.0 | ||
| 008 | 151027b xxu||||| |||| 00| 0 eng d | ||
| 020 | _a- | ||
| 040 | _cLIBRARY | ||
| 082 | _a672.3 ROB | ||
| 100 |
_915285 _aRoberts, G.A. |
||
| 245 |
_aTool Steels _cG.A. Roberts |
||
| 250 | _a3rd ed. | ||
| 260 | _cc.1962 | ||
| 650 |
_915286 _aTool Steels _xME |
||
| 942 |
_2ddc _cBK |
||
| 999 |
_c70881 _d70881 |
||